| 000 | 00451nam a22001817a 4500 | ||
|---|---|---|---|
| 999 |
_c11846 _d11846 |
||
| 003 | OSt | ||
| 008 | 230302b ||||| |||| 00| 0 eng d | ||
| 020 | _a9788178558578 | ||
| 082 | _a331.1 GOC | ||
| 100 | _aGOEL, D K. | ||
| 245 | _aCorporate Accounting Sem. IV of B.Com. II | ||
| 250 | _a17th ed. | ||
| 260 |
_aNew Delhi _bAvichal Pulishing Company 2022 _c2021 |
||
| 300 | _aMISC | ||
| 650 | _aB.Com. | ||
| 653 | _aGOEL, Shelly | ||
| 942 |
_2ddc _cBK |
||